[Event "RUS-ch Men Rapid 2019"]
[Site "Sochi"]
[Date "2019.10.15"]
[Round "3.24"]
[White "Triapishko, Alexandr"]
[Black "Potapov, Alexander"]
[Result "1/2-1/2"]
[WhiteElo "2581"]
[BlackElo "2413"]
[Annotator "TA"]
[PlyCount "77"]
[EventDate "2019.10.15"]
[EventType "swiss"]
[EventCountry "RUS"]
[SourceTitle "playchess.com"]
[Source "ChessBase"]
[SourceQuality "1"]

{[%evp 9,77,20,21,15,22,31,28,8,51,48,53,52,58,43,63,60,60,60,62,60,64,66,56,29,30,40,35,14,27,-11,-15,-1,-8,-21,-22,-27,-26,-29,-17,-17,-1,-10,-7,-8,0,0,0,0,0,-11,0,-6,0,0,-2,-34,-27,-36,-46,-83,-76,-63,-30,-52,-32,-26,0,-119,193,-757]} 1. d4 f5 2. Nc3 d5 3. Bf4 Nf6 4. e3 e6 5. Nf3 a6 6. Be2 {A80: Dutch Defence: Unusual White second moves} (6. Bd3 c5 7. dxc5 Bxc5 8. O-O Nc6 9. Ne2 Qe7 10. Ned4 Bd7 11. c4 {½-½ (55) Shimanov,A (2641)-Carlsen,M (2834) chess.com INT 2018}) 6... c5 7. O-O Nc6 8. Ne5 {White has an edge.} Bd6 9. Nxc6 bxc6 10. Bxd6 $146 ({Predecessor:} 10. Na4 cxd4 11. Qxd4 {1-0 (40) Epishin,V (2568)-Khaetsky,R (2344) Hofheim 2019}) 10... Qxd6 11. Na4 Nd7 12. dxc5 Nxc5 13. Bh5+ Kf8 14. c4 Nxa4 15. Qxa4 Bd7 16. Rac1 g6 17. Be2 Kf7 18. Rc2 Rhb8 19. Rfc1 (19. a3 {looks sharper.} a5 20. cxd5 exd5 21. g3 Qe5 22. Bf3) 19... Qb4 20. Qxb4 Rxb4 21. Rd1 a5 22. f4 Rab8 23. Rdd2 Ke7 24. Kf2 Kd6 25. g4 fxg4 26. Bxg4 Rf8 27. Kg3 Ke7 28. h3 h6 29. cxd5 exd5 30. Rc5 Ra8 31. a3 Rb3 32. Kf3 Be8 $36 {[%mdl 2048] [#] Hoping for ...h5. Black fights for an advantage.} 33. Ke2 Kd6 34. Rcc2 Rab8 35. e4 Bf7 36. Kf2 R8b6 37. h4 Rb8 38. Ke2 (38. e5+ $11 {keeps the balance.} Kc7 39. Bf3) 38... Kc7 $2 {[%mdl 8192] [#]} (38... Rg3 $17 39. Bf3 Rb3) 39. Rxd5 $4 {[%mdl 40960] Accuracy: White = 52%, Black = 43%. . An unexpected result.} (39. exd5 $18 Rg3 40. Rxc6+ Kd8 41. Bf3) 1/2-1/2

[Event "RUS-ch Men Rapid 2019"]
[Site "Sochi"]
[Date "2019.10.15"]
[Round "3.25"]
[White "Kozak, Alexander"]
[Black "Yudin, Sergei"]
[Result "0-1"]
[WhiteElo "2230"]
[BlackElo "2577"]
[Annotator "TA"]
[PlyCount "60"]
[EventDate "2019.10.15"]
[EventType "swiss"]
[EventCountry "RUS"]
[SourceTitle "playchess.com"]
[Source "ChessBase"]
[SourceQuality "1"]

{[%evp 9,70,29,61,40,38,2,20,-22,0,8,18,0,40,31,58,0,25,28,25,15,6,0,6,15,0,-59,-42,-51,-39,-41,-37,-28,0,0,0,0,0,0,0,-374,-11,-6,-13,-66,-66,-97,-97,-86,-74,-268,-270,-328,-323,-337,-320,-309,-291,-473,-453,-487,-485,-5135,-5127]} 1. e4 d6 2. d4 Nf6 3. f3 c5 4. c3 Qc7 5. Be3 g6 6. Qd2 {B07: Pirc Defence: Miscellaneous Systems} Bg7 7. Bh6 $146 ({Predecessor:} 7. Bd3 O-O 8. Ne2 a6 9. g4 Nc6 10. Ng3 cxd4 11. cxd4 Bxg4 12. fxg4 Nxg4 {1-0 (88) Srinath,R (2357)-Todorovic,G (2435) Budapest 2018}) 7... O-O 8. Ne2 {The position is equal.} Nc6 9. Bxg7 Kxg7 10. g4 h5 11. g5 Nd7 12. f4 (12. Bg2 $14) 12... e6 13. Na3 cxd4 14. Nb5 Qb6 15. Nxd6 {[%cal Rc3d4]} e5 16. cxd4 exd4 17. Bg2 (17. Nc4 $11 Qb4 18. Qxb4 Nxb4 19. Nxd4) 17... Nc5 18. Nxd4 Nxe4 19. Bxe4 ({Don't blunder} 19. Nxe4 $2 Nxd4 20. Qf2 Qb4+ 21. Nc3 Re8+ 22. Kf1 Bf5 $19) 19... Nxd4 20. O-O-O Qxd6 (20... Nb5 {with more complications.} 21. Nxb5 Qxb5 22. Qd3 Qa5 23. Kb1 Be6) 21. Qxd4+ Qxd4 22. Rxd4 Be6 23. Bxb7 Rab8 24. Bd5 $2 {[%mdl 8192] [#]} (24. Ba6 $11 {and White has nothing to worry.}) 24... Rfc8+ $2 ({Black should try} 24... Rfd8 $1 $19 25. b3 (25. Rhd1 $2 Rbc8+ 26. Kb1 Bg4 $19) 25... Bxd5) 25. Kb1 $11 {Black should prevent Bxe6.} Bf5+ (25... Rd8 $5 26. Rhd1 $8 Bxd5 27. Rxd5 Rxd5 28. Rxd5 Rb4 $11) 26. Ka1 (26. Be4 $1 $11) 26... Rc2 $15 {[%mdl 1024] Black has compensation.} 27. Bb3 Rf2 28. h4 Re8 29. Ra4 $2 (29. a4 $17 {might work better.}) 29... Re7 $19 30. Bd5 {[#]} Rd2 {Played: Rf2-h2} 0-1

[Event "RUS-ch Men Rapid 2019"]
[Site "Sochi"]
[Date "2019.10.15"]
[Round "3.26"]
[White "Savchenko, Boris"]
[Black "Usmanov, Ilnur"]
[Result "1-0"]
[WhiteElo "2560"]
[BlackElo "2144"]
[Annotator "ChessBase"]
[PlyCount "48"]
[EventDate "2019.10.15"]
[EventType "swiss"]
[EventCountry "RUS"]
[SourceTitle "playchess.com"]
[Source "ChessBase"]
[SourceQuality "1"]
[TimeControl "900+10"]

1. e4 {[%emt 0:00:00]} c6 {[%emt 0:00:00]} 2. Nc3 {[%emt 0:00:00]} d5 {[%emt 0:00:00]} 3. Nf3 {[%emt 0:00:00]} dxe4 {[%emt 0:00:14]} 4. Nxe4 {[%emt 0:00:00]} Nf6 {[%emt 0:00:02]} 5. Qe2 {[%emt 0:00:03]} Nxe4 {[%emt 0:00:36]} 6. Qxe4 {[%emt 0:00:02]} Nd7 {[%emt 0:00:12]} 7. Bc4 {[%emt 0:00:02]} Nf6 {[%emt 0:00:30]} 8. Ne5 {[%emt 0:00:03]} e6 {[%emt 0:00:11]} 9. Qe2 {[%emt 0:00:02]} Be7 {[%emt 0:00:39]} 10. b3 {[%emt 0:00:24]} O-O {[%emt 0:00:34]} 11. Bb2 {[%emt 0:00:03]} Qc7 {[%emt 0:01:38]} 12. f4 {[%emt 0:00:19]} b5 {[%emt 0:02:53]} 13. Bd3 {[%emt 0:00:02]} a6 {[%emt 0:00:07]} 14. g4 {[%emt 0:03:23]} Nd5 {[%emt 0:01:44]} 15. Qe4 {[%emt 0:00:26]} f5 {[%emt 0:00:38]} 16. gxf5 {[%emt 0:01:20]} exf5 {[%emt 0:00:09]} 17. Qd4 {[%emt 0:01:52]} Bh4+ {[%emt 0:00:28]} 18. Kd1 {[%emt 0:00:02]} Bf6 {[%emt 0:00:10]} 19. c4 {[%emt 0:00:10]} Nb4 {[%emt 0:00:30]} 20. cxb5 {[%emt 0:02:56]} Nxd3 {[%emt 0:00:26]} 21. Qxd3 {[%emt 0:00:03]} cxb5 {[%emt 0:01:11]} 22. Qd5+ {[%emt 0:00:10]} Kh8 {[%emt 0:02:08]} 23. Qxa8 {[%emt 0:00:03]} Rd8 {[%emt 0:00:06]} 24. Rc1 {[%emt 0:00:03]} Rf8 1-0

[Event "RUS-ch Men Rapid 2019"]
[Site "Sochi"]
[Date "2019.10.15"]
[Round "3.27"]
[White "Yatzenko, Anton"]
[Black "Yuffa, Daniil"]
[Result "0-1"]
[WhiteElo "2383"]
[BlackElo "2552"]
[Annotator "TA"]
[PlyCount "106"]
[EventDate "2019.10.15"]
[EventType "swiss"]
[EventCountry "RUS"]
[SourceTitle "playchess.com"]
[Source "ChessBase"]
[SourceQuality "1"]

{[%evp 12,106,40,23,25,18,19,22,38,0,20,-17,-10,-35,-23,-23,-20,-31,-25,-39,-23,-65,0,0,0,0,0,0,0,0,10,0,0,0,0,0,0,0,0,-17,-14,-14,-14,-14,-14,-14,-14,-14,-14,-21,-22,-22,0,-8,-8,-8,0,0,0,-94,-94,-124,-124,-124,-124,-204,-204,-204,-204,-204,-204,-356,-356,-1160,-1238,-1133,-1097,-992,-858,-525,-430,-414,-325,-6085,-6014,-6100,-6089,-6072,-6075,-6075,-5937,-5406,-5490,-5427,-4672,-2369,-2299]} 1. d4 Nf6 2. Nf3 g6 3. Bg5 Bg7 4. Nbd2 O-O 5. c3 d6 6. e4 Nc6 7. Be2 Qe8 {A48: 1 d4 Nf6 2 Nf3 g6: Torre, London and Colle Systems} 8. O-O (8. Qc2 h6 9. Bh4 Nh5 10. d5 Nb8 11. Nd4 Nf4 12. Bf3 e5 13. dxe6 fxe6 14. Ne2 e5 15. Bg3 {0-1 (58) Girya,O (2462)-Chigaev,M (2593) Cheliabinsk 2018}) 8... e5 9. dxe5 Nxe5 {The position is equal.} 10. Nxe5 Qxe5 11. Bxf6 $146 (11. f4 $5 {[%cal Rf4e5]} Qc5+ 12. Kh1 $11) ({Predecessor:} 11. f4 Qc5+ 12. Kh1 Re8 13. Bf3 Qb6 14. e5 dxe5 15. fxe5 {1-0 (24) Greenfeld,A (2305)-Stephenson,A Copenhagen 1982}) 11... Qxf6 12. Bg4 b5 13. Bxc8 Rfxc8 14. a3 a5 15. Nf3 Qe6 16. Qd5 c6 (16... Qxd5 $15 17. exd5 b4 $1 {[%mdl 512]}) 17. Qxe6 $11 fxe6 18. Rad1 d5 19. Rfe1 Rab8 20. g3 Bf6 21. exd5 exd5 22. Re6 Kf7 23. Rde1 b4 24. axb4 axb4 25. R6e3 (25. Rd6 {with more complications.} bxc3 26. bxc3 Bxc3 27. Rd7+ Kg8 28. Ree7) 25... Re8 26. Rxe8 Rxe8 27. cxb4 Rxe1+ 28. Nxe1 Bxb2 {[%mdl 4096] Endgame KB-KN} 29. Nd3 Bc3 30. Kf1 Ke6 31. Ke2 d4 32. Kd1 Kd5 33. Kc2 Kc4 34. Ne5+ Kb5 35. Kd3 (35. Kb3 $1 $11 {keeps the balance.}) 35... Bxb4 $17 36. Kxd4 Bc5+ 37. Kc3 Bxf2 38. g4 (38. Kd3 $17) 38... Bh4 $1 $19 {[%cal Rh4f6] And now ...Bf6 would win.} 39. Nf3 Bf6+ 40. Kd3 {[#]} Kc5 $1 41. h4 $2 (41. Ke4) 41... Kd5 42. h5 $2 {[#]} (42. Ke3) 42... g5 $1 43. Nd2 Be7 44. Nc4 Bd8 45. Nd2 Ke5 46. Ke3 Bb6+ 47. Kd3 $2 (47. Kf3 Kd4 48. Ne4) 47... Kf4 {Black is clearly winning.} 48. Ne4 Bd8 49. Nc5 Kxg4 50. Ne6 Be7 51. h6 Kh5 52. Nd4 c5 53. Nf5 Bf8 {Accuracy: White = 45%, Black = 85%.} 0-1

[Event "RUS-ch Men Rapid 2019"]
[Site "Sochi"]
[Date "2019.10.15"]
[Round "3.28"]
[White "Rozum, Ivan"]
[Black "Chekletsov, Ilya"]
[Result "1-0"]
[WhiteElo "2551"]
[BlackElo "2377"]
[Annotator "TA"]
[PlyCount "109"]
[EventDate "2019.10.15"]
[EventType "swiss"]
[EventCountry "RUS"]
[SourceTitle "playchess.com"]
[Source "ChessBase"]
[SourceQuality "1"]

{[%evp 9,109,33,34,0,18,0,0,7,9,6,20,29,19,19,18,13,29,22,28,28,25,25,86,43,45,24,32,10,23,10,50,27,114,117,117,109,135,135,150,129,136,102,136,122,129,96,136,106,129,129,151,146,143,148,148,148,144,128,133,122,148,118,148,148,156,148,160,129,168,172,175,177,199,187,226,226,290,280,310,310,436,415,426,406,457,429,432,388,492,440,556,550,493,334,1077,1070,938,808,1212,1068,1384,1346]} 1. c4 e6 2. Nc3 Bb4 3. e4 Bxc3 (3... Ne7 4. a3 Bxc3 5. bxc3 d6 6. Nf3 b6 7. d4 Bb7 8. Bd3 Qd7 9. O-O Nbc6 10. a4 Na5 11. Ba3 {½-½ (74) Korobov,A (2685)-Dragun,K (2568) Batumi 2018}) 4. dxc3 d6 5. Qg4 Qf6 6. Qg3 $146 {A13: English Opening: 1...e6} ({Predecessor:} 6. Nf3 h6 7. c5 Nc6 8. cxd6 cxd6 9. Bb5 Nge7 10. O-O O-O 11. Qf4 Qxf4 12. Bxf4 {1-0 (29) Moreels,Y (2085)-Le Goff,R (2200) Nantes 2014}) 6... e5 7. Bd3 h5 8. h4 {The position is equal.} Ne7 9. f3 (9. Ne2 {is more complex.} b6 10. b4 Nd7 11. Bg5 Qg6 12. Be3) 9... Qg6 (9... Be6 {keeps more tension.} 10. c5 Nbc6 11. cxd6 O-O-O 12. Bg5 Qg6) 10. Qxg6 Nxg6 11. Ne2 Be6 12. b3 Nd7 13. Ng3 Ngf8 14. Nf5 g6 15. Ne3 Nf6 (15... Nh7 $11) 16. Ba3 N8d7 17. O-O-O a5 18. g3 b6 19. Nd5 Rc8 20. Kc2 (20. Kb1 {feels hotter.} Kd8 21. Bc1 Ne8 22. Bg5+ f6 23. Bc1) 20... c5 (20... Kd8 $11 {remains equal.}) 21. Bc1 $16 Bxd5 22. cxd5 Kf8 23. Bb5 Kg7 24. Be3 Rc7 25. a3 Rhc8 26. Kd2 Ra8 27. Ra1 Rac8 28. Rhc1 Ra7 29. Ke2 Ne8 {[#]} 30. g4 $1 hxg4 31. fxg4 Ndf6 32. Kf3 Nc7 33. Be2 Rh8 34. Rh1 Raa8 35. Rag1 Kf8 36. Bg5 Nh7 37. Bd2 Ke7 38. Ke3 Rhg8 39. a4 Rab8 40. Kd3 Ne8 41. Rf1 Nc7 42. Rf2 f6 43. Rhf1 Rbf8 44. Bh6 Rf7 (44... c4+ {keeps fighting.} 45. bxc4 Na6 46. Bxf8+ Rxf8) 45. g5 $18 f5 46. exf5 Rxf5 47. Ke4 Rxf2 48. Rxf2 Nf8 49. h5 Nh7 50. hxg6 Rxg6 51. Kf5 Rxh6 $2 {[#]} (51... Rg8 52. g6 Nf6) 52. gxh6 {White is clearly winning.} Nxd5 53. Kg6 Ndf6 54. Kg7 e4 55. c4 {Accuracy: White = 60%, Black = 23%.} 1-0

[Event "RUS-ch Men Rapid 2019"]
[Site "Sochi"]
[Date "2019.10.15"]
[Round "3.29"]
[White "Zakhartsov, Vladimir"]
[Black "Dashko, Andrey"]
[Result "1-0"]
[WhiteElo "2527"]
[BlackElo "2219"]
[Annotator "TA"]
[PlyCount "97"]
[EventDate "2019.10.15"]
[EventType "swiss"]
[EventCountry "RUS"]
[SourceTitle "playchess.com"]
[Source "ChessBase"]
[SourceQuality "1"]

{[%evp 21,97,33,54,33,41,34,71,10,97,59,90,74,79,73,68,57,64,22,197,192,233,171,324,314,384,347,435,416,503,494,474,462,720,483,1267,651,655,650,747,587,718,715,650,561,661,635,651,660,622,462,451,437,1173,1152,4798,4762,2127,2251,1187,5695,5181,4974,1806,1066,1154,1144,1127,1054,4818,4786,3249,797,1007,795,1416,1339,29985,29986]} 1. d4 Nf6 2. c4 e5 3. dxe5 Ng4 4. Bf4 Nc6 5. Nf3 Bb4+ 6. Nbd2 Qe7 7. a3 Ngxe5 8. Nxe5 Nxe5 9. e3 Bxd2+ 10. Qxd2 d6 11. Be2 Bd7 12. Rc1 {A52: Budapest Gambit} Bc6 13. O-O Ng6 (13... O-O 14. b4 b6 15. c5 dxc5 16. bxc5 b5 17. Qb2 Ng6 18. Bg3 Nh4 19. Rfd1 Qe4 {1-0 (43) Xu,Y (2531)-Concio,M (2080) Da Qing 2019}) 14. Bg3 (14. b4 $16) 14... Nh4 $146 (14... h5 $11 {remains equal.}) ({Predecessor:} 14... h5 15. f3 h4 16. Bf2 Qg5 17. Qd4 Ne5 18. Qf4 Qxf4 19. exf4 Ng6 {½-½ (19) Astrup,H-Agdestein,E (2000) Gausdal 2004}) 15. f3 Ng6 16. e4 h5 17. b4 {[%cal Bb2b4,Bb4c5][%mdl 32]} b6 18. c5 dxc5 19. bxc5 (19. h4 $5) 19... b5 $2 (19... h4 $1 $11 {and Black stays safe.} 20. Bf2 b5) 20. Qa5 $1 $18 {[%csl LRb5,LRc7]} O-O 21. Qxc7 Qe8 $2 (21... Qxc7 {keeps fighting.} 22. Bxc7 Rfe8) 22. Bd6 Rc8 23. Qxa7 Ra8 24. Qb6 Rxa3 25. Bxf8 Nxf8 26. Rfd1 Ra2 (26... Ra8 $142 27. Rd6 Rc8) 27. Bf1 Qa8 (27... Ra8 $142 28. Rd6 Rc8) 28. Bxb5 Bxb5 29. Qxb5 Ne6 30. Qb3 Qa7 31. Kh1 h4 32. Qe3 g5 33. Rd2 Ra3 34. Rd3 Ra1 35. Qg1 Rxc1 36. Qxc1 {[%mdl 4096] Endgame KQR-KQN} Nf4 (36... Qxc5 $142 37. Rd8+ Kh7 38. Qxc5 Nxc5) 37. Ra3 Qc7 38. Ra8+ Kh7 39. Qa1 {[#] Threatening mate with Qh8+.} Ng6 40. Ra7 Qf4 41. h3 Ne5 42. Ra3 f6 43. Rc3 Nc6 44. Qd1 Qg3 45. Rc1 Kg6 46. Qe1 Qe5 47. Qc3 Qf4 48. Rd1 Qb8 {[#]} 49. Rd6 $1 {[%mdl 64] Double Attack. Accuracy: White = 62%, Black = 20%.} 1-0

[Event "RUS-ch Men Rapid 2019"]
[Site "Sochi"]
[Date "2019.10.15"]
[Round "3.30"]
[White "Lugovskoy, Maxim"]
[Black "Gorbatov, Alexej"]
[Result "0-1"]
[WhiteElo "2508"]
[BlackElo "2355"]
[Annotator "TA"]
[PlyCount "101"]
[EventDate "2019.10.15"]
[EventType "swiss"]
[EventCountry "RUS"]
[SourceTitle "playchess.com"]
[Source "ChessBase"]
[SourceQuality "1"]

{[%evp 9,101,49,67,52,56,44,43,23,42,27,35,32,31,15,64,51,50,20,21,-9,-7,0,-1,-34,0,0,24,0,0,-20,-12,-10,14,0,0,0,8,7,6,-38,-23,-37,-41,-28,0,0,0,-16,0,0,0,-5,0,-106,-106,-100,-99,-131,-114,-101,-104,-519,-504,-617,-405,-650,-650,-810,-756,-721,-720,-702,-522,-664,-583,-1175,-1138,-1154,-1097,-1029,-891,-838,-821,-1153,-1061,-12841,-12840,-9323,-7560,-1600,-1313,-858,-826,-29991]} 1. e4 c6 2. d4 d5 3. Nc3 h6 4. f3 a6 (4... b5 5. Be3 b4 6. Nce2 dxe4 7. fxe4 Nf6 8. Ng3 h5 9. Bd3 Ng4 10. Qd2 h4 11. N3e2 e5 12. dxe5 Nxe5 {1-0 (36) Socko,B (2631)-Hillarp Persson,T (2546) Stockholm 2013}) 5. Be3 $146 ({Predecessor:} 5. h3 g6 6. Bd3 Bg7 7. Be3 e6 8. Nge2 Ne7 9. O-O O-O 10. Qd2 h5 11. Bh6 {0-1 (57) Chougule,A-Mahendran,T (2101) Bengaluru 2018}) 5... b5 6. Qd2 {B15: Caro-Kann: 3 Nc3: 3...g6 and 3...dxe4 4 Nxe4 Nf6 5 Nxf6+ exf6} e6 7. Bd3 Nd7 {[%cal Bb8d7,Bd7b6,Bb6c4][%mdl 32]} 8. a3 {White is slightly better.} Nb6 9. Nge2 Nf6 10. O-O Nc4 11. Bxc4 dxc4 12. Rad1 Be7 13. Kh1 O-O 14. f4 a5 {[%cal Ba6a5,Ba5b4][%mdl 32] Threatens to win with ...b4.} 15. e5 Nd5 16. Nxd5 Qxd5 17. Nc3 Qd7 18. Qe2 b4 19. axb4 axb4 20. Ne4 c3 21. bxc3 Qd5 $1 {[%cal Rd5e4]} 22. Qf3 Ra2 23. Rf2 bxc3 24. Nxc3 Qxf3 25. gxf3 Ra3 $36 {[%mdl 2048] Black has some pressure.} 26. Bd2 Ba6 27. Ne4 Rb8 28. Nd6 Bh4 29. Rg2 Rxf3 30. c4 Be7 31. f5 (31. Ra1 $11 Bxd6 32. exd6 Bxc4 33. Ba5 Rxf4 34. d7 Rxd4 35. Bc7) 31... Bxd6 $17 32. exd6 Bxc4 {White must now prevent ...Rd3.} 33. Bxh6 Bd5 {And now ...Rf2 would win.} 34. Kg1 {[#]} ({But not} 34. Rxg7+ $2 Kh8 $19) 34... Rh3 $1 {[%mdl 64] Discovered Attack} 35. Rxg7+ $2 {[%mdl 8192]} (35. Bxg7 $17 {is more resistant.} Bxg2 36. Kxg2) 35... Kh8 $19 36. fxe6 {e7 is the strong threat.} Bxe6 37. Rg3 (37. Rxf7 $142 Bxf7 38. Bf4) 37... Rxh6 {Black is clearly winning.} 38. Rc1 Bd5 39. d7 Rd8 40. Re1 Re6 41. Ra1 Rg6 42. Rxg6 fxg6 {[%mdl 4096] Endgame KRB-KR} 43. Ra7 Kg7 44. Kf2 Kf6 45. Kg3 Ke6 46. Kf4 Rxd7 47. Ra8 Rh7 48. Re8+ Kf6 49. Kg3 Re7 50. Rf8+ Kg7 51. Re8 {Accuracy: White = 35%, Black = 64%.} 0-1

[Event "RUS-ch Men Rapid 2019"]
[Site "Sochi"]
[Date "2019.10.15"]
[Round "3.31"]
[White "Keosidi, Konstantin"]
[Black "Akhtariev, Andrey"]
[Result "0-1"]
[WhiteElo "2400"]
[BlackElo "2160"]
[Annotator "TA"]
[PlyCount "100"]
[EventDate "2019.10.15"]
[EventType "swiss"]
[EventCountry "RUS"]
[SourceTitle "playchess.com"]
[Source "ChessBase"]
[SourceQuality "1"]

{[%evp 18,99,31,28,29,33,25,29,55,27,12,17,9,12,39,0,47,-25,33,15,27,23,33,7,6,8,18,17,16,20,62,72,174,172,194,171,159,170,166,142,129,124,137,137,137,139,121,126,131,135,127,100,114,114,112,88,222,92,148,148,148,141,141,134,127,134,134,133,133,91,116,91,91,91,91,102,238,253,200,200,207,0,0,-29999]} 1. e4 e5 2. Nf3 Nf6 3. Nc3 Bb4 4. Nxe5 O-O 5. Be2 Re8 6. Nd3 Bxc3 7. dxc3 Nxe4 8. O-O d6 9. Nf4 Nd7 10. Be3 Ndf6 {C42: Petroff Defence: 3 Nxe5 and unusual White 3rd moves} (10... Ne5 11. Bd3 Nf6 12. h3 Bd7 13. Nh5 Nxh5 14. Qxh5 Nxd3 15. cxd3 Qf6 16. Rfe1 {½-½ (16) Papp,G (2597)-Ruck,R (2502) Ajka 2018}) 11. c4 Bf5 12. Re1 Qd7 {White has an edge.} 13. Nd5 $146 (13. f3 {with more complications.} Nc5 14. Qd2 Ne6 15. Nd5 Qd8 16. Bf2) ({Predecessor:} 13. Bd4 c5 14. Be3 Re7 15. Nd5 Nxd5 16. Qxd5 Rae8 17. Qd1 b6 18. Bd3 {½-½ (29) Karlsson,K-Lindstrom,B Sweden 1999}) 13... Nxd5 14. cxd5 Re7 15. a4 a6 16. c4 Rae8 17. Rc1 (17. a5 $14) 17... h6 (17... a5 $1 $11) 18. b4 $14 Nf6 19. h3 Ne4 20. c5 dxc5 21. bxc5 Re5 22. c6 bxc6 23. dxc6 Qe7 {Threatening ...Nxf2!} 24. Bxa6 Ng5 (24... Nc5 $16 {was called for.} 25. Bb5 Rd8) 25. Bf1 $18 Qb4 26. Qd2 Qxa4 27. Bxg5 Rxe1 28. Rxe1 Rxe1 29. Qxe1 {Hoping for Qe8+.} hxg5 30. Qe8+ Kh7 31. Qxf7 {[%mdl 64] [#] Double Attack} Be4 32. Qh5+ Kg8 33. Qxg5 Qxc6 34. Bb5 Qc2 35. h4 Qd1+ 36. Kh2 Qd5 (36... Qd6+ $16 37. Qg3 Qd5) 37. f3 (37. Qxd5+ $18 {and the rest is easy.} Bxd5 38. g4) 37... Qxg5 (37... Bf5 $142) 38. hxg5 $16 {[%mdl 4096] Endgame KB-KB} Bd5 39. Kg3 Kf7 40. Kf4 Ke6 41. g3 c6 42. Be2 c5 43. Ke3 Bb3 44. f4 Kf5 45. Bf3 Bc4 46. Bd1 Bb5 (46... Ba2 $16) 47. g4+ $18 Ke6 48. Bb3+ Kd6 {[#]} 49. Ke4 $2 (49. Bf7 $1 $18) 49... Be2 $11 50. Kf5 $2 {[%mdl 8192]} (50. Ba2 $11) 50... Bd3# {Accuracy: White = 53%, Black = 40%.} 0-1

[Event "RUS-ch Men Rapid 2019"]
[Site "Sochi"]
[Date "2019.10.15"]
[Round "3.32"]
[White "Frolov, Aleksey G."]
[Black "Nesterov, Arseniy"]
[Result "1/2-1/2"]
[WhiteElo "2093"]
[BlackElo "2484"]
[Annotator "ChessBase"]
[PlyCount "53"]
[EventDate "2019.10.15"]
[EventType "swiss"]
[EventCountry "RUS"]
[SourceTitle "playchess.com"]
[Source "ChessBase"]
[SourceQuality "1"]
[TimeControl "900+10"]

1. e4 e5 2. Nf3 Nc6 3. Bb5 a6 4. Ba4 Nf6 5. O-O b5 6. Bb3 Bc5 7. c3 d6 8. d4 Bb6 9. dxe5 Nxe5 10. Nxe5 dxe5 11. Qxd8+ Kxd8 12. Bg5 Ke7 13. Nd2 h6 14. Bh4 Bb7 15. Nf3 g5 16. Bg3 Nxe4 17. Nxe5 Nxg3 18. hxg3 Kf6 19. Rae1 Kg7 20. Nxf7 Rhf8 21. Re7 Rae8 22. Rfe1 Rxe7 23. Rxe7 Kf6 24. Re6+ Kg7 25. Re7 Kf6 26. Re6+ Kg7 27. Re7 1/2-1/2